01273nam a2200265 a 4500001001000000005001700010041000800027044000800035084002000043100004500063245013400108260003600242300004300278500009500321500018000416500010100596500001000697546002400707650005200731650005600783650003400839650004500873700003900918740005000957BRCA_339520190320204248.0 aeng aenk a684b.R68c19081 aCervantes Saavedra, Miguel ded1547-161610aThat Imaginative Gentleman Don Quijote de la ManchacBy Miguel de Cervantes Saavedra ; Translated into English by Robinson Smith. aLondresbGeorge Routledgec1908 a1 v. en 2 partes (xvi, 686 p.)c23 cm. aContenido : Prefacio del traductor. Prólogo del autor. Texto de ambas partes. Apéndice aTraducción de Robinson Smith. Contiene un breve prefacio y la Vida de Cervantes, con el texto de ambas partes y notas. Edición esmeradamente impresa. Tela Lúdovik Osterc aIncluye índice : De aventuras, de incidentes, de cartas, histórico o tópicos y de personas aQM170 aTexto en : inglés14aNovela españolayÉpoca clásica, 1500-170014aLiteratura españolayÉpoca clásica, 1500-170014aNovela españolaySiglo XVII14aDon Quijote (Personaje ficticio)eNovela1 aSmith, Robinsond1876-?eTraductor0 aEl Ingenioso Hidalgo Don Quijote de la Mancha